| 000 | 00488nam a2200121Ia 4500 | ||
|---|---|---|---|
| 008 | 220615s9999||||xx |||||||||||||| ||und|| | ||
| 245 | 0 |
_aNationalism in a Transnational Age _bIrrational Fears and the Strategic Abuse of Nationalist Pride |
|
| 546 | _aEnglish[eng] | ||
| 650 | _aNationalism||Internationalism||Transnationalism||Globalization | ||
| 700 | _aJacob, Frank||Schapkow, Carsten | ||
| 856 | _uhttps://library.oapen.org/bitstream/20.500.12657/52338/1/9783110729290.pdf | ||
| 942 | _cEB | ||
| 999 |
_c12003 _d12003 |
||